Código de minería: concordancias e índice de materias.

Guardat en:
Dades bibliogràfiques
Autor corporatiu: Chile
Altres autors: Baltra Vergara, María Luisa
Format: Llibre
Idioma:espanyol
Publicat: Santiago, Chile: Legal Publishing; Thomson Reuters, 2012
Edició:Duodécima Edición.
Col·lecció:Colección de Códigos 2012
Matèries:
Etiquetes: Afegir etiqueta
Sense etiquetes, Sigues el primer a etiquetar aquest registre!

MARC

LEADER 00000cam a2200000 a 4500
001 UCF1489
003 CL-VaPUC
005 20241205160240.0
008 120706e20120000CL |||||||||||||||||spa|d
999 |c 348241  |d 348239 
020 |a 9789563461473 
040 |c Pontificia Universidad Católica de Valparaíso 
082 0 4 |a 343.83077 CHI 2012  |2 21 
110 1 |a Chile  |9 890760 
245 1 0 |a Código de minería: concordancias e índice de materias.  
250 |a Duodécima Edición.  |b Actualizada al 9 de febrero de 2012. 
260 |a Santiago, Chile:  |b Legal Publishing;  |b Thomson Reuters,  |c 2012 
300 |a 301 páginas 
490 0 |a Colección de Códigos 2012 
505 |a -Ley N.º 18.248. Fija texto del Código de Minería. -Título I. Del Dominio del Estado y de los Derechos Mineros. -Título II. De la Capacidad para adquirir Derechos Mineros. -Título III. Del Objeto y Forma de las Concesiones Mineras. -Título IV. De las Demasías. -Título V. Del Procedimiento de Constitución de las Concesiones Mineras. -Título VI. De los Efectos de la Sentencia Constitutiva de la Concesión. -Título VII. Del Conservador de Minas. -Título VIII. De los Derechos y Obligaciones de los Concesionarios Mineros. -Título IX. De la Exploración y de la Explotación Mineras. -Título X. Del Amparo, Extinción y Caducidad de las Concesiones Mineras. -Título XI. De los Contratos y Cuasicontratos. -Título XII. De la Reivindicación de los Minerales. -Título XIII. De los Derechos de los Acreedores. -Título XIV. De la Competencia en General y el Procedimiento. -Título XV. Disposiciones Generales. Apéndice: -Constitución Política de la República de Chile (Capítulo III. De los Derechos y Deberes Constitucionales. Artículo 19. Inciso 24°). -Ley N.º 18.097. Ley Orgánica Constitucional sobre Concesiones Mineras (D.O. de 21 de enero de 1982). -Decreto N.º 1. Reglamento del Código de Minería. (D.O. de 27 de febrero de 1987). -Decreto Ley N.º 3.525. Crea el Servicio Nacional de Geología y Minería. (D.O. de 02 de diciembre de 1980). -Decreto Supremo N.º 141. Reglamento del Artículo 7° Transitorio del Código de Minería. -Decreto Supremo N.º 39. Establece Procedimiento para Aplicación del Artículo 6° Transitorio del Código de Minería. (D.O. de 07 de diciembre de 1985). -Decreto Supremo N.º 132. Aprueba Reglamento de Seguridad Minera. (D.O. de 07 de febrero de 2004). -Ley N.º 12.680. Fija Normas para la Venta e Inscripción de Acciones Mineras en los casos que señala (D.O. de 13 de noviembre de 1957). -Ley N.º 20.551. Regula el Cierre de Faenas e Instalaciones Mineras (D.O. de 22 de noviembre de 2011). 
583 |a last modification  |c 20120706 10:37:00  |k Rodrigo Vera 
650 1 |a Código de minería   |y Chile  |9 894530 
650 1 |a Derecho minero chileno   |9 257767 
650 1 |a Concesiones mineras  |9 256334 
700 |a Baltra Vergara, María Luisa   |9 814195 
942 |c BK  |2 ddc 
945 |d 20120706 00:00:00  |a dcastane 
952 |0 0  |1 0  |4 0  |6 343_830770000000000_CHI_2012  |7 0  |8 R  |9 450190  |a BIBDER  |b BIBDER  |d 2019-11-22  |i 4880188  |o 343.83077 CHI 2012  |p 4880188  |r 2023-01-25  |w 2019-11-22  |y BK_R  |k DER